| 000 | 00954nas a2200325 4500 | ||
|---|---|---|---|
| 001 | BR9601397 | ||
| 003 | BR-BrBNA | ||
| 005 | 20231205095712.0 | ||
| 007 | ta | ||
| 008 | 230509b bl.|||p| |||| 00| 00por d | ||
| 040 |
_aBR-BrBNA _bpor _cBiblioteca Nacional de Agricultura |
||
| 041 | _a(Pt) | ||
| 072 | _aL73 | ||
| 100 | 1 | _aContesini, E.A. | |
| 100 | 1 | _aPippi, N.L. | |
| 100 | 1 | _aNatalini, C.C. | |
| 100 | 1 | _aMarchionatti, A. | |
| 100 | 1 | _aSilveira, G.M. | |
| 100 | 1 | _aSilva, M.A. | |
| 100 | 1 | _aPelegrini, L.C. de | |
| 100 | 1 | _aWitz, M.I. | |
| 245 | 1 | _aA restauracao da integridade esofagica com o uso de "Flap" muscular, sem formacao de estenose clinica, em ovinos | |
| 650 | _aOvino | ||
| 650 | _aEstenose | ||
| 650 | _aEsofago | ||
| 650 | _aCicatrizacao | ||
| 773 | 0 |
_tCiencia Rural (Brazil) _xISSN 0103-8478 _g(Sep-Dec 1995), v. 25(3) p. 411-416 _wBR9601397 |
|
| 909 |
_a202311 _bLúcia _c55 _dLúcia Elande |
||
| 942 |
_2AGRIS _n0 _cANA |
||
| 999 |
_c152237 _d152237 |
||